| 000 -ლიდერი |
| ფიქსირებული სიგრძის საკონტროლო ველი |
01044nam a2200241Ia 4500 |
| 001 - საკონტროლო ნომერი |
| საკონტროლო ველი |
6534 |
| 003 - საკონტროლო ნომრის იდენტიფიკატორი |
| საკონტროლო ველი |
GE_BSU |
| 005 - ბოლო ოპერაციის თარიღი და დრო |
| საკონტროლო ველი |
20191021104642.0 |
| 008 - ფიქსირებული სიგრძის მონაცემთა ელემენტები - ზოგადი ინფორმაცია |
| ფიქსირებული სიგრძის საკონტროლო ველი |
181216s1956||||ge |||||||||||||| ||geo|| |
| 040 ## - კატალოგიზაციის წყარო |
| Transcribing agency |
GE_BSU |
| 041 ## - ენის კოდი |
| Language code of text/sound track or separate title |
geo |
| 080 ## - უნივერსალური ათობითი კლასიფიკაციის ინდექსი |
| Universal Decimal Classification number |
821.353.1-1 ბ-78 |
| 100 ## - მთავარი ჩანაწერი - პიროვნების სახელი |
| Personal name |
ბობოხიძე, კალე |
| 9 (RLIN) |
4852 |
| 245 ## - ცნობა სათაურის შესახებ |
| Title |
რჩეული ლექსები : |
| Remainder of title |
პოემა / |
| Statement of responsibility, etc |
კალე ბობოხიძე ; რედ. ირ. არაბული ; მხატვ. დ. და ვლ. ქუთათელაძეები. |
| 264 ## - წარმოების, გამოცემის, დისტრიბუციის და სხვა ცნობები |
| გამოცემის, წარმოების, დისტრიბუციის... ადგილი |
თბილისი : |
| გამოცემის, წარმოების, დისტრიბუციის... სახელწოდება |
სახელგამი ; |
| გამოცემის, წარმოების, დისტრიბუციის... თარიღი |
1956. |
| 300 ## - ფიზიკური აღწერა |
| Extent |
302 გვ. ; |
| Dimensions |
20 სმ. |
| 653 ## - INDEX TERM--UNCONTROLLED |
| Uncontrolled term |
რჩეული ლექსები |
| 653 ## - INDEX TERM--UNCONTROLLED |
| Uncontrolled term |
პოემა |
| 700 ## - ADDED ENTRY--PERSONAL NAME |
| Personal name |
არაბული, ირ. |
| Relator term |
რედაქტორი |
| 9 (RLIN) |
4866 |
| 700 ## - ADDED ENTRY--PERSONAL NAME |
| Personal name |
ქუთათელაძე, დ. |
| Relator term |
მხატვარი |
| 9 (RLIN) |
4867 |
| 700 ## - ADDED ENTRY--PERSONAL NAME |
| Personal name |
ქუთათელაძე, ვლ. |
| Relator term |
მხატვარი |
| 9 (RLIN) |
4868 |
| 942 ## - ADDED ENTRY ELEMENTS (KOHA) |
| Koha item type |
წიგნი |
| Source of classification or shelving scheme |
|